Расчет параметров пневматических машин ударного действия по диаграммам давлений без деления рабочего цикла; Известия вузов. Горный журнал; № 10

Библиографические подробности
Источник:Известия вузов. Горный журнал.— , 1958-1996
№ 10.— 1966.— С. 97-101
Главный автор: Бабуров В. И.
Язык:русский
Опубликовано: 1966
Предметы:
Формат: Статья
Запись в KOHA:https://koha.lib.tpu.ru/cgi-bin/koha/opac-detail.pl?biblionumber=583312

MARC

LEADER 00000naa2a2200000 4500
001 583312
005 20231101130957.0
035 |a (RuTPU)RU\TPU\prd\284148 
035 |a RU\TPU\tpu\5874 
090 |a 583312 
100 |a 20190412d1966 k y0rusy50 ca 
101 0 |a rus 
102 |a RU 
200 1 |a Расчет параметров пневматических машин ударного действия по диаграммам давлений без деления рабочего цикла  |f В. И. Бабуров 
320 |a Библиогр.: 5 назв. 
461 |0 (RuTPU)RU\TPU\prd\186  |t Известия вузов. Горный журнал  |d 1958-1996 
463 |0 (RuTPU)RU\TPU\prd\171311  |t № 10  |v С. 97-101  |d 1966 
610 1 |a горное дело 
610 1 |a труды учёных ТПУ 
700 1 |a Бабуров  |b В. И. 
801 0 |a RU  |b 63413507  |c 20011210  |g PSBO 
801 2 |a RU  |b 63413507  |c 20190412  |g PSBO 
942 |c BK